| 000 | 00608nam a2200229 4500 | ||
|---|---|---|---|
| 003 | OSt | ||
| 005 | 20260601193843.0 | ||
| 008 | 260421b1975 sp a|||| |||| 00| 0 spa d | ||
| 020 | _a8470531301 | ||
| 040 |
_aICI _bspa _cICI |
||
| 050 |
_aP99 _bB36 |
||
| 100 | 1 |
_aBardavío, José María, _931057 |
|
| 245 | 1 | _aLa versatilidad del Signo. | |
| 264 |
_bAlberto Corazón, _c1975 _aMadrid : |
||
| 300 | _a205 páginas | ||
| 336 |
_atexto _2rdacontent |
||
| 337 |
_asin medio _2rdamedia |
||
| 338 |
_avolumen _2rdacarrier |
||
| 490 | 0 |
_aComunicacion ; _vSerie. b ; _v44 |
|
| 650 | _aSemántica | ||
| 942 |
_2lcc _cB |
||
| 999 |
_c21524 _d21524 |
||